Szíria és Palesztina története a második Szentély korában 2 a hellénisztikus kor és a római uralom kezdete /

Szíria és Palesztina történetének ismerete a második Szentély korában

Elmentve itt :
Bibliográfiai részletek
Szerző: Dávid Nóra
Dokumentumtípus: Prezentáció
Megjelent: 2020-04-01
Kulcsszavak:ókori kelet
Tárgyszavak:
Online Access:http://eta.bibl.u-szeged.hu/2786
LEADER 01015nnm a2200217 i 4500
001 eta2786
005 20200609135802.0
008 200401s2020 hu o 0|| hun d
040 |a SZTE Elektronikus Tananyag Archívum  |b hun 
041 |a hun 
100 1 |a Dávid Nóra 
245 1 0 |a Szíria és Palesztina története a második Szentély korában 2  |h [elektronikus dokumentum] :  |b a hellénisztikus kor és a római uralom kezdete /  |c  Dávid Nóra 
246 1 0 |a The History of Syria and Palestine in the Second Temple Period: the Hellenistic era  |h [elektronikus dokumentum] 
260 |c 2020-04-01 
516 |a Presentation 
520 3 |a Szíria és Palesztina történetének ismerete a második Szentély korában 
520 3 |a The History of Syria and Palestine in the second Temple period 
650 4 |a Ókori történelem 
650 4 |a Ókori kultúrák 
695 |a ókori kelet 
856 4 0 |u https://eta.bibl.u-szeged.hu/2786/1/Sz%C3%ADriaPalesztinam%C3%A1sodikSzent%C3%A9ly2HellR%C3%B3mHangos.pptx  |z Dokumentum-elérés